History Quiz

Random History or Famous Quiz

That's What 'D' Said Quiz Stats

 Plays Quiz Updated Oct 27, 2015

Challenge
Share
Tweet
Embed
Score 0/20 Timer 08:00
0 Plays Today
% Correct
The more you want to avoid people.
91.2%
They always forget that all the European countries had empires.
87.7%
But I was bewildered once for three days.
85.3%
You have chosen the side of the oppressor.
84.2%
But it is not a sufficient basis for a sound, comprehensive energy policy.
83.9%
Is the parent of many bad measures.
77.8%
I would yield every honor which has been accorded by war.
76.9%
There is no place to spit but his face.
73.4%
Who receives acclaim earned in the blood of his followers and sacrifices of his friends.
73.2%
Without consulting the Allies, he is making their position very difficult.
72.6%
% Correct
But in reality there are atoms and the void.
72.2%
Without prior authorization and even if he resists you.
71.9%
Those in philosophy only ridiculous.
71.5%
You must believe in miracles.
69.3%
Because this happens to very few people.
66.8%
You obtain a master.
65.2%
Gaza cannot and must not be allowed to remain a prison camp.
65.1%
It is absolutely necessary to be a mathematician.
64.4%
That's what natural history programmes should be for.
60.7%
Where a handful of bad people mixed with so many young students and onlookers.
52.9%

You're not logged in!

Compare scores with friends on all Sporcle quizzes.
Join for Free
OR
Log In

You Might Also Like...

Show Comments

Extras

Top Quizzes Today


Score Distribution

Your Account Isn't Verified!

In order to create a playlist on Sporcle, you need to verify the email address you used during registration. Go to your Sporcle Settings to finish the process.

Report this User

Report this user for behavior that violates our Community Guidelines.

Details: